La Sainte Bible (Registro nro. 86592)

Detalles MARC
000 -ENCABEZADO
Número de control [NR] 00685nam a22001937a 4500
008 - DE LONGITUD FIJA DE DATOS DE ELEMENTOS - INFORMACIÓN GENERAL
Elementos de longitud fija [NR] 130821s1928 fr gr fre
040 ## - FUENTE DE CATALOGACION [NR]
Agencia de catalogación original [NR] Co-BoUCM
Idioma de catalogación [NR] spa
041 00 - CODIGO DE IDIOMA [R]
Código de idioma para texto/pista de sonido o título separado [R] Francés
092 ## - SIGNATURA TOPOGRAFICA LOCAL
Número de clasificación local FM 001006 1938
245 03 - MENCION DE TITULO [NR]
Título [NR] La Sainte Bible
Mención de responsabilidad, etc. [NR] traduction D'Apres les textes originaux par Le Chanoine A. Crampon
260 ## - PUBLICACION, DISTRIBUCION, ETC. (PIE DE IMPRENTA) [R]
Lugar de publicación, distribución, etc. [R] París (Francia)
Nombre del editor, distribuidor, etc. [R] Societe de Saint Jean L'Evangeliste
Fecha de publicación, distribución, etc. [R] 1928, 1938
300 ## - DESCRIPCION FISICA [R]
Extensión [R] varios volúmenes
500 ## - NOTA GENERAL [R]
Nota general [NR] Incluye índice
500 ## - NOTA GENERAL [R]
Nota general [NR] La edición de 1938 es Donación Juan Antonio Montalvo.
630 #7 - ASIENTO SECUNDARIO DE MATERIA - TITULO UNIFORME [R]
Título uniforme [NR] Biblia
9 (RLIN) 4831
650 04 - ASIENTO SECUNDARIO DE MATERIA - TERMINO TEMATICO [R]
Término temático o nombre geográfico como elemento de entrada [NR] Sagradas escrituras
9 (RLIN) 23889
942 ## - ELEMENTOS DE ENTRADA AGREGADOS (KOHA)
Tipo de ítem principal el descrito en 300a Libro
Tema principal Religión
Edición 1
Parte restante de la signatura top. L17
Título oculto en OPAC No
Sistema de clasificación DEWEY
Clasificación 220
Existencias
Signatura topográfica Código de barras Última vez visto Volúmen / Fascículo Ejemplar Price effective from Tipo de ítem Perdido Sistema de clasificación Dañado No prestable Tipo de ítem específico Suprimido Ubicación habitual Ubicación actual Localización Fecha de creación Forma de adquisición Costo Fecha de último préstamo Nota pública (OPAC)
FCS 220 L17 120002239 11/07/2012 1928 Ej.1 03/02/2013 Libro   DEWEY     Fondos especiales     Archivo Histórico Archivo histórico 28/02/2003 Donación 1000.00    
~ 120003113 04/12/2025 FM 001006 1938 Ej.1 03/02/2013 Libro   LOCAL     Fondos especiales   Claustro Claustro Procesos Técnicos 28/02/2012 Donación 26000.00 21/03/2012 Galería de donantes